LEADER 01276nam a2200313 u 4500 001 000000059970 003 CaOOAMICUS 005 20070226120847.0 008 010709s1991 it u000 u ita u 020 $a8838417237 035 $a10896615 040 $aPUL$bita 100 1 $aColzani, Gianni,$csac.,$d1964-$0(OLS)http://pul/name/12634 245 10$aAntropologia cristiana :$bil dono e la responsabilità /$cGianni Colzani. 260 $aCasale Monferrato :$bPiemme,$cc1991. 300 $a158 p. ;$c21 cm 490 1 $aManuali di base ;$v23 490 1 $aTeologia e scienze religiose 504 $aBibliografia in nota. 650 4$aAntropologia.$0(OLS)http://pul/subject/1028 830 0$aTeologia e scienze religiose.$0(OLS)http://pul/title/8594 830 0$aManuali di base (Piemme) ;$v23.$0(OLS)http://pul/title/8595 850 $aPUL 852 $aPUL$W1$xSL Religione 1$y3$m57 A 56$j78148$nBK-PRI$b $qStampati$B78148$CPULBib$Z2$F78148 $H $81 941 1 $a8 961 $aINV: 67212 996 $6020$a8838417237$9(OLS)http://pul/number/76747 996 $6245$aAntropologia cristiana :$bil dono e la responsabilità$9(OLS)http://pul/title/80216 996 $6260$aCasale Monferrato :$bPiemme$9(OLS)http://pul/publisher/51813 LEADER 01979nam a2200349 a 4500 001 000000142828 003 CaOOAMICUS 005 20150416103409.0 008 150416s2014 ne cfab u000 u fre r 020 $a978-90-04-26802-9 040 $aPUL$bita 041 0 $afre$aeng 245 00$aMesures de réparation et responsabilité à raison des actes des organisations internationales=$bremedies and responsibility for the actions of International Organizations /$cpublié sous la direction de edited by Dan Sarooshi. 246 31$aRemedies and responsibility for the actions of International Organizations 260 $aLeiden ;$aBoston :$bMartinus Nijhoff Publishers,$c2014. 300 $aXXXI, 702 p. ;$c23 cm 490 1 $aLes livres de droit de l'Académie 500 $aIn testa al front.: Academie de droit international de la Haye, Hague Academy of International law. 504 $aBibliografia in nota. 546 $aContributi in inglese e francese. 650 4$aIstituzioni.$0(OLS)http://pul/subject/23522 700 1 $aSarooshi, Dan.$0(OLS)http://pul/name/91827 710 2 $aAcademie de droit international de La Haye.$0(OLS)http://pul/name/28979 830 0$aLivres de droit de l'Académie (La Haye).$0(OLS)http://pul/title/105359 850 $aPUL 852 $aPUL$W1$xSL Diritto e Scienze Sociali 3$y79$m300 A 11.2.14.2$j198362$qDDC 21$B165036$CPULBib$Z2$F165036 $H125658 $82 941 1 $a9 996 $6020$a978-90-04-26802-9$9(OLS)http://pul/number/157384 996 $6245$aMesures de réparation et responsabilité à raison des actes des organisations internationales=$bremedies and responsibility for the actions of International Organizations$9(OLS)http://pul/title/180791 996 $6246$aRemedies and responsibility for the actions of International Organizations$9(OLS)http://pul/title/180792 996 $6260$aLeiden ;$aBoston :$bMartinus Nijhoff Publishers$9(OLS)http://pul/publisher/76117 LEADER 01217nam a2200265 a 4500 001 000000165281 003 CaOOAMICUS 005 20180125095357.0 008 180125s1997 it m u001 u ita r 032 $aLibriCat 040 $aPUL$bita 100 1 $aGiuliano, Luca.$0(OLS)http://pul/name/90321 245 12$aL'acqua di purificazione e il dono dello spirito in Ezechiele 36,24-28 /$cLuca Giuliano. 260 $aGenuae :$b[s.n.],$c1997. 300 $a85 p. ;$c24 cm. 502 $aEstratto da tesi. Pontificia Universitas Urbaniana. Facultas Theologiae. 1996. 504 $aBibliografia in nota a piè pagina. 630 04$aBiblia.$pV.T.$pEzechiel$xCritica, interpretazione, ecc.$0(OLS)http://pul/subject/20789 710 2 $aPontificia Università Urbaniana.$bFacoltà di teologia$kTesi.$0(OLS)http://pul/name/81495 850 $aPUL 852 $aPUL$W1$xDP1 Tesi Pon. Univ. Urbaniana$y49$mTH URB 447$j189571$qTesi$B192610$CPULBib$Z2$F192610 $H78703 $81 941 1 $a16 996 $6245$aL'acqua di purificazione e il dono dello spirito in Ezechiele 36,24-28$9(OLS)http://pul/title/204969 996 $6260$aGenuae :$b[s.n.]$9(OLS)http://pul/publisher/85702